Small arms management and peacekeeping in Southern Africa
Uloženo v:
| Hlavní autoři: | , , |
|---|---|
| Médium: | Kniha |
| Jazyk: | angličtina |
| Vydáno: |
Nueva York
UNIDIR
1996
|
| Témata: | |
| Tagy: |
Přidat tag
Žádné tagy, Buďte první, kdo vytvoří štítek k tomuto záznamu!
|
MARC
| LEADER | 00000nam a2200000 a 4500 | ||
|---|---|---|---|
| 001 | UCT1120 | ||
| 003 | CL-VaPUC | ||
| 008 | 960927e19960000US |||||||||||||||||eng|d | ||
| 082 | 0 | 4 | |a 327.172 |b SMI |2 21 |
| 100 | 0 | |a Smith, Christopher |e author |9 369907 | |
| 700 | 0 | |a Batchelor, Peter |e author |9 369908 | |
| 700 | 0 | |a Potgieter, Jakkie |e author |9 369909 | |
| 245 | 1 | 0 | |a Small arms management and peacekeeping in Southern Africa |
| 300 | |a 125 p | ||
| 942 | |c BK | ||
| 945 | |d 19960927 00:00:00 |a rleighto | ||
| 260 | |a Nueva York |b UNIDIR |c 1996 | ||
| 650 | 0 | |a Desarme |9 255227 | |
| 650 | 0 | |a Paz |9 259242 | |
| 650 | 0 | |a Guerra |9 255876 | |
| 650 | 0 | |a Conflictos |9 332195 | |
| 651 | 7 | |a SOMALIA |2 CL-VaPUC |9 354180 | |
| 651 | 7 | |a CAMBOYA |2 CL-VaPUC |9 350217 | |
| 651 | 7 | |a CROACIA |2 CL-VaPUC |9 369910 | |
| 651 | 7 | |a ZIMBABWE |2 CL-VaPUC |9 369911 | |
| 651 | 7 | |a RHODESIA |2 CL-VaPUC |9 319595 | |
| 651 | 7 | |a BOSNIA Y HERZEGOVINA |2 CL-VaPUC |9 369912 | |
| 583 | |a last modification |c 19960927 00:00:00 |k Rodrigo Vera | ||
| 999 | |c 251772 |d 251770 | ||
| 952 | |0 0 |1 0 |4 0 |6 327_172000000000000_SMI_1996 |7 0 |8 A |9 271162 |a BIBHIS |b BIBHIS |d 2019-11-19 |i 3232514 |o 327.172 SMI 1996 |p 3232514 |r 2025-01-20 |w 2019-11-19 |y BK |k HIS | ||